000
00249nam a22001097a 4500
082
_a
670 HEN'P
100
_a
HENRIE, BLAINE
_9
75784
245
_a
PAINTING ON LOCATIONS
260
_a
CALIFORNIA
_b
WALTER T. FASTER
_c
1980
300
_a
29P
942
_c
BK
999
_c
581187
_d
581187